000 00986nmm a2200289 a 4500
001 ocm000891464
003 TR-IsHL
005 20201028144618.0
008 141121s2013 tu tur
007 cr cn
020 _a9786055249922
035 _a891464
_b(N$T)
050 0 4 _aPN6019.T9
_bH39 2013
090 0 4 _aPN6019.T9
_bH39 2013
245 1 0 _aHayatınızı değiştiren 10 öykü
_h[electronic resource] /
_cderleyen Emine Ebru
260 _aİstanbul :
_bKafekültür Yayıncılık,
_c2013
300 _a91 p.
650 4 _aDil ve Edebiyat
650 4 _aLanguage and Literature
650 0 _aKısa öyküler- Türkçeye çeviriler
650 0 _aShort stories
_x Translations into Turkish
650 0 _aEdebiyat
_x Koleksiyonlar
650 0 _aLiterature
_x Collections
650 7 _aLITERARY COLLECTIONS / Middle Eastern
_2bisacsh
700 1 _aEbru, Emine
856 4 0 _uhttp://search.ebscohost.com/login.aspx?direct=true&scope=site&db=e011xww&AN=891464
999 _c9518
_d9518